<?xml version="1.0" encoding="UTF-8"?>
<collection xmlns="http://www.loc.gov/MARC21/slim">
 <record>
  <leader>05640cam a2201249   4500</leader>
  <controlfield tag="001">274999102</controlfield>
  <controlfield tag="003">DE-627</controlfield>
  <controlfield tag="005">20240325184424.0</controlfield>
  <controlfield tag="007">tu</controlfield>
  <controlfield tag="008">880224s1988    xxu|||||      00| ||eng c</controlfield>
  <datafield tag="020" ind1=" " ind2=" ">
   <subfield code="a">0300040253</subfield>
   <subfield code="9">0-300-04025-3</subfield>
  </datafield>
  <datafield tag="035" ind1=" " ind2=" ">
   <subfield code="a">(DE-627)274999102</subfield>
  </datafield>
  <datafield tag="035" ind1=" " ind2=" ">
   <subfield code="a">(DE-576)013730649</subfield>
  </datafield>
  <datafield tag="035" ind1=" " ind2=" ">
   <subfield code="a">(DE-599)GBV274999102</subfield>
  </datafield>
  <datafield tag="035" ind1=" " ind2=" ">
   <subfield code="a">(OCoLC)231317459</subfield>
  </datafield>
  <datafield tag="035" ind1=" " ind2=" ">
   <subfield code="a">(OCoLC)15629069</subfield>
  </datafield>
  <datafield tag="035" ind1=" " ind2=" ">
   <subfield code="a">(OCoLC)15629069</subfield>
  </datafield>
  <datafield tag="035" ind1=" " ind2=" ">
   <subfield code="a">(OCoLC)231317459</subfield>
  </datafield>
  <datafield tag="035" ind1=" " ind2=" ">
   <subfield code="a">(DE-604)8051511800</subfield>
  </datafield>
  <datafield tag="040" ind1=" " ind2=" ">
   <subfield code="a">DE-627</subfield>
   <subfield code="b">ger</subfield>
   <subfield code="c">DE-627</subfield>
   <subfield code="e">rakwb</subfield>
  </datafield>
  <datafield tag="041" ind1=" " ind2=" ">
   <subfield code="a">eng</subfield>
  </datafield>
  <datafield tag="044" ind1=" " ind2=" ">
   <subfield code="c">XD-US</subfield>
   <subfield code="c">XA-GB</subfield>
  </datafield>
  <datafield tag="050" ind1=" " ind2="0">
   <subfield code="a">ND1452.I8</subfield>
  </datafield>
  <datafield tag="082" ind1="0" ind2=" ">
   <subfield code="a">759.5'31</subfield>
  </datafield>
  <datafield tag="082" ind1="0" ind2=" ">
   <subfield code="a">759.5/31</subfield>
  </datafield>
  <datafield tag="084" ind1=" " ind2=" ">
   <subfield code="a">9,10</subfield>
   <subfield code="2">ssgn</subfield>
  </datafield>
  <datafield tag="084" ind1=" " ind2=" ">
   <subfield code="a">LN 84554</subfield>
   <subfield code="2">rvk</subfield>
   <subfield code="0">(DE-625)rvk/102416:6</subfield>
  </datafield>
  <datafield tag="084" ind1=" " ind2=" ">
   <subfield code="a">LN 75810</subfield>
   <subfield code="2">rvk</subfield>
   <subfield code="0">(DE-625)rvk/102166:13311</subfield>
  </datafield>
  <datafield tag="084" ind1=" " ind2=" ">
   <subfield code="a">21.02</subfield>
   <subfield code="2">bkl</subfield>
  </datafield>
  <datafield tag="084" ind1=" " ind2=" ">
   <subfield code="a">20.70</subfield>
   <subfield code="2">bkl</subfield>
  </datafield>
  <datafield tag="084" ind1=" " ind2=" ">
   <subfield code="a">21.60</subfield>
   <subfield code="2">bkl</subfield>
  </datafield>
  <datafield tag="100" ind1="1" ind2=" ">
   <subfield code="a">Brown, Patricia Fortini</subfield>
   <subfield code="d">1936-</subfield>
   <subfield code="e">VerfasserIn</subfield>
   <subfield code="0">(DE-588)120174359</subfield>
   <subfield code="0">(DE-627)035422173</subfield>
   <subfield code="0">(DE-576)292078927</subfield>
   <subfield code="4">aut</subfield>
  </datafield>
  <datafield tag="245" ind1="1" ind2="0">
   <subfield code="a">Venetian narrative painting in the age of Carpaccio</subfield>
   <subfield code="c">Patricia Fortini Brown</subfield>
  </datafield>
  <datafield tag="264" ind1=" " ind2="1">
   <subfield code="a">New Haven</subfield>
   <subfield code="a">London</subfield>
   <subfield code="b">Yale University Press</subfield>
   <subfield code="c">1988</subfield>
  </datafield>
  <datafield tag="300" ind1=" " ind2=" ">
   <subfield code="a">310 Seiten</subfield>
   <subfield code="b">Illustrationen</subfield>
  </datafield>
  <datafield tag="336" ind1=" " ind2=" ">
   <subfield code="a">Text</subfield>
   <subfield code="b">txt</subfield>
   <subfield code="2">rdacontent</subfield>
  </datafield>
  <datafield tag="336" ind1=" " ind2=" ">
   <subfield code="a">unbewegtes Bild</subfield>
   <subfield code="b">sti</subfield>
   <subfield code="2">rdacontent</subfield>
  </datafield>
  <datafield tag="337" ind1=" " ind2=" ">
   <subfield code="a">ohne Hilfsmittel zu benutzen</subfield>
   <subfield code="b">n</subfield>
   <subfield code="2">rdamedia</subfield>
  </datafield>
  <datafield tag="338" ind1=" " ind2=" ">
   <subfield code="a">Band</subfield>
   <subfield code="b">nc</subfield>
   <subfield code="2">rdacarrier</subfield>
  </datafield>
  <datafield tag="583" ind1="1" ind2=" ">
   <subfield code="a">Archivierung/Langzeitarchivierung gewährleistet</subfield>
   <subfield code="f">SSG</subfield>
   <subfield code="x">XA-DE-BW</subfield>
   <subfield code="2">pdager</subfield>
   <subfield code="5">DE-16</subfield>
  </datafield>
  <datafield tag="600" ind1="1" ind2="0">
   <subfield code="a">Carpaccio, Vittore</subfield>
   <subfield code="d">1455?-1525?</subfield>
   <subfield code="x">Themes, motives</subfield>
  </datafield>
  <datafield tag="600" ind1="1" ind2="0">
   <subfield code="a">Bellini, Gentile</subfield>
   <subfield code="d">-1507</subfield>
   <subfield code="x">Themes, motives</subfield>
  </datafield>
  <datafield tag="650" ind1=" " ind2="0">
   <subfield code="a">Narrative painting, Italian</subfield>
   <subfield code="z">Italy</subfield>
   <subfield code="z">Venice</subfield>
   <subfield code="x">Themes, motives</subfield>
  </datafield>
  <datafield tag="650" ind1=" " ind2="0">
   <subfield code="a">Narrative painting, Renaissance</subfield>
   <subfield code="z">Italy</subfield>
   <subfield code="z">Venice</subfield>
   <subfield code="x">Themes, motives</subfield>
  </datafield>
  <datafield tag="650" ind1=" " ind2="0">
   <subfield code="a">Art and society</subfield>
   <subfield code="z">Italy</subfield>
   <subfield code="z">Venice</subfield>
  </datafield>
  <datafield tag="689" ind1="0" ind2="0">
   <subfield code="d">p</subfield>
   <subfield code="0">(DE-588)118655183</subfield>
   <subfield code="0">(DE-627)079440606</subfield>
   <subfield code="0">(DE-576)209243171</subfield>
   <subfield code="a">Bellini, Gentile</subfield>
   <subfield code="d">1429-1507</subfield>
   <subfield code="2">gnd</subfield>
  </datafield>
  <datafield tag="689" ind1="0" ind2=" ">
   <subfield code="5">(DE-627)</subfield>
  </datafield>
  <datafield tag="689" ind1="1" ind2="0">
   <subfield code="d">p</subfield>
   <subfield code="0">(DE-588)118519204</subfield>
   <subfield code="0">(DE-627)079321305</subfield>
   <subfield code="0">(DE-576)160528992</subfield>
   <subfield code="a">Carpaccio, Vittore</subfield>
   <subfield code="d">1455-1526</subfield>
   <subfield code="2">gnd</subfield>
  </datafield>
  <datafield tag="689" ind1="1" ind2=" ">
   <subfield code="5">(DE-627)</subfield>
  </datafield>
  <datafield tag="689" ind1="2" ind2="0">
   <subfield code="d">g</subfield>
   <subfield code="0">(DE-588)4062501-1</subfield>
   <subfield code="0">(DE-627)106131613</subfield>
   <subfield code="0">(DE-576)209144556</subfield>
   <subfield code="a">Venedig</subfield>
   <subfield code="2">gnd</subfield>
  </datafield>
  <datafield tag="689" ind1="2" ind2="1">
   <subfield code="d">s</subfield>
   <subfield code="0">(DE-588)4025097-0</subfield>
   <subfield code="0">(DE-627)106294849</subfield>
   <subfield code="0">(DE-576)20895919X</subfield>
   <subfield code="a">Historienmalerei</subfield>
   <subfield code="2">gnd</subfield>
  </datafield>
  <datafield tag="689" ind1="2" ind2="2">
   <subfield code="a">z</subfield>
   <subfield code="2">gnd</subfield>
   <subfield code="a">Geschichte 1480-1525</subfield>
  </datafield>
  <datafield tag="689" ind1="2" ind2=" ">
   <subfield code="5">(DE-627)</subfield>
  </datafield>
  <datafield tag="689" ind1="3" ind2="0">
   <subfield code="d">g</subfield>
   <subfield code="0">(DE-588)4062501-1</subfield>
   <subfield code="0">(DE-627)106131613</subfield>
   <subfield code="0">(DE-576)209144556</subfield>
   <subfield code="a">Venedig</subfield>
   <subfield code="2">gnd</subfield>
  </datafield>
  <datafield tag="689" ind1="3" ind2="1">
   <subfield code="d">s</subfield>
   <subfield code="0">(DE-588)4025097-0</subfield>
   <subfield code="0">(DE-627)106294849</subfield>
   <subfield code="0">(DE-576)20895919X</subfield>
   <subfield code="a">Historienmalerei</subfield>
   <subfield code="2">gnd</subfield>
  </datafield>
  <datafield tag="689" ind1="3" ind2="2">
   <subfield code="a">z</subfield>
   <subfield code="2">gnd</subfield>
   <subfield code="a">Geschichte 1475-1525</subfield>
  </datafield>
  <datafield tag="689" ind1="3" ind2=" ">
   <subfield code="5">(DE-627)</subfield>
  </datafield>
  <datafield tag="689" ind1="4" ind2="0">
   <subfield code="d">p</subfield>
   <subfield code="0">(DE-588)118519204</subfield>
   <subfield code="0">(DE-627)079321305</subfield>
   <subfield code="0">(DE-576)160528992</subfield>
   <subfield code="a">Carpaccio, Vittore</subfield>
   <subfield code="d">1455-1526</subfield>
   <subfield code="2">gnd</subfield>
  </datafield>
  <datafield tag="689" ind1="4" ind2="1">
   <subfield code="d">s</subfield>
   <subfield code="0">(DE-588)4244253-9</subfield>
   <subfield code="0">(DE-627)104835664</subfield>
   <subfield code="0">(DE-576)210461403</subfield>
   <subfield code="a">Ereignisbild</subfield>
   <subfield code="2">gnd</subfield>
  </datafield>
  <datafield tag="689" ind1="4" ind2=" ">
   <subfield code="5">(DE-627)</subfield>
  </datafield>
  <datafield tag="689" ind1="5" ind2="0">
   <subfield code="d">g</subfield>
   <subfield code="0">(DE-588)4062501-1</subfield>
   <subfield code="0">(DE-627)106131613</subfield>
   <subfield code="0">(DE-576)209144556</subfield>
   <subfield code="a">Venedig</subfield>
   <subfield code="2">gnd</subfield>
  </datafield>
  <datafield tag="689" ind1="5" ind2="1">
   <subfield code="d">s</subfield>
   <subfield code="0">(DE-588)4244253-9</subfield>
   <subfield code="0">(DE-627)104835664</subfield>
   <subfield code="0">(DE-576)210461403</subfield>
   <subfield code="a">Ereignisbild</subfield>
   <subfield code="2">gnd</subfield>
  </datafield>
  <datafield tag="689" ind1="5" ind2="2">
   <subfield code="a">z</subfield>
   <subfield code="2">gnd</subfield>
   <subfield code="a">Geschichte 1490-1540</subfield>
  </datafield>
  <datafield tag="689" ind1="5" ind2=" ">
   <subfield code="5">(DE-627)</subfield>
  </datafield>
  <datafield tag="689" ind1="6" ind2="0">
   <subfield code="d">g</subfield>
   <subfield code="0">(DE-588)4062501-1</subfield>
   <subfield code="0">(DE-627)106131613</subfield>
   <subfield code="0">(DE-576)209144556</subfield>
   <subfield code="a">Venedig</subfield>
   <subfield code="2">gnd</subfield>
  </datafield>
  <datafield tag="689" ind1="6" ind2="1">
   <subfield code="d">s</subfield>
   <subfield code="0">(DE-588)4244253-9</subfield>
   <subfield code="0">(DE-627)104835664</subfield>
   <subfield code="0">(DE-576)210461403</subfield>
   <subfield code="a">Ereignisbild</subfield>
   <subfield code="2">gnd</subfield>
  </datafield>
  <datafield tag="689" ind1="6" ind2="2">
   <subfield code="a">z</subfield>
   <subfield code="2">gnd</subfield>
   <subfield code="a">Geschichte 1470-1535</subfield>
  </datafield>
  <datafield tag="689" ind1="6" ind2=" ">
   <subfield code="5">(DE-627)</subfield>
  </datafield>
  <datafield tag="689" ind1="7" ind2="0">
   <subfield code="d">p</subfield>
   <subfield code="0">(DE-588)118519204</subfield>
   <subfield code="0">(DE-627)079321305</subfield>
   <subfield code="0">(DE-576)160528992</subfield>
   <subfield code="a">Carpaccio, Vittore</subfield>
   <subfield code="d">1455-1526</subfield>
   <subfield code="2">gnd</subfield>
  </datafield>
  <datafield tag="689" ind1="7" ind2="1">
   <subfield code="d">g</subfield>
   <subfield code="0">(DE-588)4062501-1</subfield>
   <subfield code="0">(DE-627)106131613</subfield>
   <subfield code="0">(DE-576)209144556</subfield>
   <subfield code="a">Venedig</subfield>
   <subfield code="2">gnd</subfield>
  </datafield>
  <datafield tag="689" ind1="7" ind2=" ">
   <subfield code="5">(DE-627)</subfield>
  </datafield>
  <datafield tag="689" ind1="8" ind2="0">
   <subfield code="d">p</subfield>
   <subfield code="0">(DE-588)118655183</subfield>
   <subfield code="0">(DE-627)079440606</subfield>
   <subfield code="0">(DE-576)209243171</subfield>
   <subfield code="a">Bellini, Gentile</subfield>
   <subfield code="d">1429-1507</subfield>
   <subfield code="2">gnd</subfield>
  </datafield>
  <datafield tag="689" ind1="8" ind2="1">
   <subfield code="d">g</subfield>
   <subfield code="0">(DE-588)4062501-1</subfield>
   <subfield code="0">(DE-627)106131613</subfield>
   <subfield code="0">(DE-576)209144556</subfield>
   <subfield code="a">Venedig</subfield>
   <subfield code="2">gnd</subfield>
  </datafield>
  <datafield tag="689" ind1="8" ind2=" ">
   <subfield code="5">(DE-627)</subfield>
  </datafield>
  <datafield tag="700" ind1="1" ind2=" ">
   <subfield code="a">Carpaccio, Vittore</subfield>
   <subfield code="d">1455-1526</subfield>
   <subfield code="e">ErwähnteR</subfield>
   <subfield code="0">(DE-588)118519204</subfield>
   <subfield code="0">(DE-627)079321305</subfield>
   <subfield code="0">(DE-576)160528992</subfield>
   <subfield code="4">oth</subfield>
  </datafield>
  <datafield tag="856" ind1="4" ind2="2">
   <subfield code="u">http://www.gbv.de/dms/weimar/toc/274999102_toc.pdf</subfield>
   <subfield code="m">DE-601</subfield>
   <subfield code="q">application/pdf</subfield>
   <subfield code="3">Inhaltsverzeichnis</subfield>
  </datafield>
  <datafield tag="889" ind1=" " ind2=" ">
   <subfield code="w">(DE-627)025149334</subfield>
  </datafield>
  <datafield tag="935" ind1=" " ind2=" ">
   <subfield code="i">mdedup</subfield>
  </datafield>
  <datafield tag="935" ind1=" " ind2=" ">
   <subfield code="i">Blocktest</subfield>
  </datafield>
  <datafield tag="936" ind1="r" ind2="v">
   <subfield code="a">LN 84554</subfield>
   <subfield code="b">Renaissance, Manierismus</subfield>
   <subfield code="k">Kunstgeschichte</subfield>
   <subfield code="k">Kunst nach Ländern bzw. Kontinenten</subfield>
   <subfield code="k">Italien</subfield>
   <subfield code="k">Italienische Kunstgeschichte nach Gattungen</subfield>
   <subfield code="k">Malerei</subfield>
   <subfield code="k">Italienische Malerei nach Zentren und Schulen</subfield>
   <subfield code="k">Venedig</subfield>
   <subfield code="k">Renaissance, Manierismus</subfield>
   <subfield code="0">(DE-627)1270651005</subfield>
   <subfield code="0">(DE-625)rvk/102416:6</subfield>
   <subfield code="0">(DE-576)200651005</subfield>
  </datafield>
  <datafield tag="936" ind1="r" ind2="v">
   <subfield code="a">LN 75810</subfield>
   <subfield code="b">Malerei (einschließlich Buchmalerei)</subfield>
   <subfield code="k">Kunstgeschichte</subfield>
   <subfield code="k">Kunst nach Ländern bzw. Kontinenten</subfield>
   <subfield code="k">Italien</subfield>
   <subfield code="k">Kunsttopografie Italiens</subfield>
   <subfield code="k">Alphabetische Liste der italienischen Orte</subfield>
   <subfield code="k">Orte V</subfield>
   <subfield code="k">Venedig</subfield>
   <subfield code="k">Kunstgeschichte</subfield>
   <subfield code="k">Malerei (einschließlich Buchmalerei)</subfield>
   <subfield code="0">(DE-627)1271003147</subfield>
   <subfield code="0">(DE-625)rvk/102166:13311</subfield>
   <subfield code="0">(DE-576)201003147</subfield>
  </datafield>
  <datafield tag="936" ind1="b" ind2="k">
   <subfield code="a">21.02</subfield>
   <subfield code="j">Geschichte der Malerei</subfield>
   <subfield code="0">(DE-627)106406698</subfield>
  </datafield>
  <datafield tag="936" ind1="b" ind2="k">
   <subfield code="a">20.70</subfield>
   <subfield code="j">Europäische Kunst: Allgemeines</subfield>
   <subfield code="0">(DE-627)106406566</subfield>
  </datafield>
  <datafield tag="936" ind1="b" ind2="k">
   <subfield code="a">21.60</subfield>
   <subfield code="j">Baugeschichte: Allgemeines</subfield>
   <subfield code="0">(DE-627)106421247</subfield>
  </datafield>
  <datafield tag="951" ind1=" " ind2=" ">
   <subfield code="a">BO</subfield>
  </datafield>
  <datafield tag="990" ind1=" " ind2=" ">
   <subfield code="a">Bellini, Gentile</subfield>
  </datafield>
  <datafield tag="990" ind1=" " ind2=" ">
   <subfield code="a">Carpaccio, Vittore</subfield>
  </datafield>
  <datafield tag="990" ind1=" " ind2=" ">
   <subfield code="a">Venedig</subfield>
  </datafield>
  <datafield tag="990" ind1=" " ind2=" ">
   <subfield code="a">Historienmalerei</subfield>
  </datafield>
  <datafield tag="990" ind1=" " ind2=" ">
   <subfield code="a">Geschichte 1480-1525</subfield>
  </datafield>
  <datafield tag="990" ind1=" " ind2=" ">
   <subfield code="a">Venedig</subfield>
  </datafield>
  <datafield tag="990" ind1=" " ind2=" ">
   <subfield code="a">Historienmalerei</subfield>
  </datafield>
  <datafield tag="990" ind1=" " ind2=" ">
   <subfield code="a">Geschichte 1475-1525</subfield>
  </datafield>
  <datafield tag="990" ind1=" " ind2=" ">
   <subfield code="a">Carpaccio, Vittore</subfield>
  </datafield>
  <datafield tag="990" ind1=" " ind2=" ">
   <subfield code="a">Ereignisbild</subfield>
  </datafield>
  <datafield tag="990" ind1=" " ind2=" ">
   <subfield code="a">Venedig</subfield>
  </datafield>
  <datafield tag="990" ind1=" " ind2=" ">
   <subfield code="a">Ereignisbild</subfield>
  </datafield>
  <datafield tag="990" ind1=" " ind2=" ">
   <subfield code="a">Geschichte 1490-1540</subfield>
  </datafield>
  <datafield tag="990" ind1=" " ind2=" ">
   <subfield code="a">Venedig</subfield>
  </datafield>
  <datafield tag="990" ind1=" " ind2=" ">
   <subfield code="a">Ereignisbild</subfield>
  </datafield>
  <datafield tag="990" ind1=" " ind2=" ">
   <subfield code="a">Geschichte 1470-1535</subfield>
  </datafield>
  <datafield tag="990" ind1=" " ind2=" ">
   <subfield code="a">Carpaccio, Vittore</subfield>
  </datafield>
  <datafield tag="990" ind1=" " ind2=" ">
   <subfield code="a">Venedig</subfield>
  </datafield>
  <datafield tag="990" ind1=" " ind2=" ">
   <subfield code="a">Bellini, Gentile</subfield>
  </datafield>
  <datafield tag="990" ind1=" " ind2=" ">
   <subfield code="a">Venedig</subfield>
  </datafield>
  <datafield tag="991" ind1=" " ind2=" ">
   <subfield code="a">Rezensiertes Werk</subfield>
  </datafield>
  <datafield tag="999" ind1=" " ind2=" ">
   <subfield code="a">KXP-PPN274999102</subfield>
   <subfield code="e">4380049043</subfield>
  </datafield>
 </record>
</collection>
